Vijayanagara visions : religious experience and culture creativity in a South Indian empire/ (Record no. 49836)

000 -LEADER
fixed length control field 00518nam a22001691a 4500
020 ## - INTERNATIONAL STANDARD BOOK NUMBER
ISBN 9780195683202
082 ## - DEWEY DECIMAL CLASSIFICATION NUMBER
Classification number 954.84
Item number WIL/V
100 ## - MAIN ENTRY--AUTHOR NAME
Personal name William J Jackson
245 ## - TITLE STATEMENT
Title Vijayanagara visions : religious experience and culture creativity in a South Indian empire/
Statement of responsibility, etc by William J Jackson
260 ## - PUBLICATION, DISTRIBUTION, ETC. (IMPRINT)
Place of publication New Delhi:
Name of publisher Oxford University Press,
Year of publication 2007.
300 ## - PHYSICAL DESCRIPTION
Number of Pages 381p.
650 ## - SUBJECT ADDED ENTRY--TOPICAL TERM
Topical Term Vijayanagara Cultural History
650 ## - SUBJECT ADDED ENTRY--TOPICAL TERM
Topical Term Vijayanagara History
650 ## - SUBJECT ADDED ENTRY--TOPICAL TERM
Topical Term History India
650 ## - SUBJECT ADDED ENTRY--TOPICAL TERM
Topical Term History
942 ## - ADDED ENTRY ELEMENTS (KOHA)
Koha item type Book
Holdings
Withdrawn status Lost status Damaged status Not for loan Permanent Location Current Location Date acquired Cost, normal purchase price Full call number Accession Number Cost, replacement price Price effective from Koha item type
        Sree Sankaracharya University of Sanskrit Sree Sankaracharya University of Sanskrit 08.01.2015 0.00 954.84 WIL/V 054852 0.00 08.01.2015 Book